Sports Quiz

Random Sports or NHL Quiz

NHL Goalie Wins Quiz Stats

 Plays Quiz Updated Feb 22, 2019

Challenge
Share
Tweet
Embed
Score 0/34 Timer 05:00
3 Plays Today
Wins Goalie % Correct
551Patrick Roy
94.1%
691Martin Brodeur
92.7%
389Dominik Hasek
71.2%
431*Henrik Lundqvist
62.5%
471*Roberto Luongo
57.6%
401Chris Osgood
57.5%
484Ed Belfour
57%
454Curtis Joseph
54.4%
404*Marc-Andre Fleury
54.3%
305Billy Smith
50%
403Grant Fuhr
49%
370*Ryan Miller
46%
311*Pekka Rinne
45.1%
447Terry Sawchuk
42.9%
437Jacques Plante
40.3%
301Mike Richter
39.7%
423Tony Esposito
36.2%
Wins Goalie % Correct
318*Cam Ward
34.1%
385Mike Vernon
33.3%
353Evgeni Nabokov
31.6%
319Miikka Kiprusoff
29.7%
303Olaf Kolzig
27.3%
369Tom Barrasso
26.9%
372Andy Moog
25.2%
407Glenn Hall
24.8%
374John Vanbiesbrouck
23.3%
310*Kari Lehtonen
18.1%
300Tomas Vokoun
16%
335Gump Worsley
15.5%
302Turk Broda
14.9%
324Sean Burke
13.2%
355Rogatien Vachon
11.9%
333Nikolai Khabibulin
11.8%
330Harry Lumley
4.7%

You're not logged in!

Compare scores with friends on all Sporcle quizzes.
OR
Log In

You Might Also Like...

Show Comments

Extras

Top Quizzes Today


Score Distribution

Your Account Isn't Verified!

In order to create a playlist on Sporcle, you need to verify the email address you used during registration. Go to your Sporcle Settings to finish the process.

Report this User

Report this user for behavior that violates our Community Guidelines.

Details: